000 01161 a2200313 4500
999 _c5351
_d5351
020 _a9781446241004
020 _a1446241009
020 _a9781446241011
020 _a1446241017
050 0 0 _aRT81.5 CRO 2015
100 1 _aCronin, Patricia,
_d1959-
_eauthor.
245 1 0 _aUnderstanding nursing and healthcare research /
_cPatricia Cronin, Michael Coughlan, and Valerie Smith.
264 1 _aLos Angeles :
_bSAGE,
_c2015.
300 _axiii, 207 pages :
_billustrations ;
500 _aIncludes bibliographical references and index.
504 _aIncludes bibliographical references and index.
650 0 _aNursing
_xResearch.
650 0 _aMedical care
_xResearch.
650 1 2 _aNursing Research
_xmethods.
650 2 2 _aHealth Services Research
_xmethods.
650 2 2 _aResearch Design.
650 2 2 _aStatistics as Topic.
650 7 _aMedical care
_xResearch.
650 7 _aNursing
_xResearch.
700 1 _aCoughlan, Michael,
_d1958-
_eauthor.
700 1 _aSmith, Valerie,
_eauthor.
942 _2lcc
_cBK
_h81.5
_iCRO
_kRT